000 00481nam a2200193Ia 4500
003 GCL
008 140319s9999 xx 000 0 eng d
040 _aGCL /
_cGCL
082 0 4 _a759
_bl t
100 1 _aLECALDANO, PAOLO
245 1 0 _aTOUT L'OEUVRE PEINT DE VAN GOGH 1888 - 1890 /
_cLECALDANO, PAOLO
260 _a[S.N] :
_bFLAMMARION ،
_c1971
300 _a243 PP
650 0 4 _aARTS
650 0 4 _aPAINTING
650 0 4 _aPAINTERS
650 0 4 _aVAN GOGH
942 _2ddc
_cBK
999 _c18853
_d18853